Parallel and distributed signal and image integration problems : proceedings of the Indo-US Workshop
保存先:
| 団体著者: | |
|---|---|
| その他の著者: | , , , |
| フォーマット: | 会議録 図書 |
| 言語: | English |
| 出版事項: |
Singapore ; River Edge, New Jersey : World Scientific,
c1995.
|
| シリーズ: | Series on advances in mathematics for applied sciences
|
| 主題: | |
| タグ: |
タグ追加
タグなし, このレコードへの初めてのタグを付けませんか!
|
MARC
| LEADER | 00000nam a2200000Ia 4500 | ||
|---|---|---|---|
| 003 | 002097 | ||
| 005 | 20221231143952.0 | ||
| 008 | 140114s1995 si a 000 ||eng d | ||
| 020 | |a 9810221487 | ||
| 040 | |c cru CEDI | ||
| 082 | |a 621.367 P222p | ||
| 111 | |a Indo-US Workshop on Parallel and Distributed Signal and Image Integration Problems |c Pune, India |d 1993 |9 21260 | ||
| 245 | |a Parallel and distributed signal and image integration problems : proceedings of the Indo-US Workshop | ||
| 260 | |a Singapore ; River Edge, New Jersey : World Scientific, |c c1995. | ||
| 300 | |a xxiv, 448 p. : ill. ; 22 cm. | ||
| 440 | |a Series on advances in mathematics for applied sciences |n v. 31 |9 21261 | ||
| 650 | |x PROCESAMIENTO DIGITAL DE IMAGENES |x PROCESAMIENTO DE DATOS |9 21262 | ||
| 700 | |9 21256 |a Madan, Rabinder N | ||
| 700 | |9 21257 |a Rao, Nageswara S. V | ||
| 700 | |9 21258 |a Bhantkar, Vijay P | ||
| 700 | |9 21259 |a Patnaik, Lalit M | ||
| 942 | |2 ddc |c BK | ||
| 999 | |c 14945 |d 14945 | ||



